| 000 | 00601nam a2200157 a 4500 | ||
|---|---|---|---|
| 001 | 000043311 | ||
| 005 | 20201002040816.0 | ||
| 008 | 140305s2004 dr 000 0 spa d | ||
| 040 |
_aDO-SdBNP _bspa _cBNPHU |
||
| 100 | 1 |
_aVallejo, Luis Antonio _970952 |
|
| 245 | 1 | 0 |
_aQuiero, puedo, lo haré : _bliderazgo y actitud /. |
| 260 |
_aSanto Domingo] : _bs.n., _c201?]. |
||
| 300 |
_a112 p. ; _c22 cm. |
||
| 504 | _aBiografía : p. 112 | ||
| 505 | 0 |
_aLa forma mas sencilla de hacer las cosas _tCómo desarrollar nuestra -- pontencialidad y superar nuestros temores -- _tHerramientas pra la superación personal -- |
|
| 999 |
_c42800 _d42800 |
||